000 00572nam a22002177a 4500
003 UA-OsUOA
001 56494
007 ta
008 20081029b un ||||| |||| 00| 0 ukr d
100 _aРаботяжев Н.
090 _a32
_bР13
942 _cSA
040 _aUA-OsUOA
_brus
_cUA-OsUOA
_dUA-OsUOA
245 _aУкраина между россией и Западом: опыт геополитического анализа
300 _aС.75-84
955 _a0
041 _arus
080 _a32
773 0 _w56488
650 7 _a32 Політика
_2UDC
999 _c342586
_d342586